Survey of property trends (Record no. 105620)
[ view plain ]
| 000 -LEADER | |
|---|---|
| fixed length control field | 01488cam a2200253 4500 |
| 001 - CONTROL NUMBER | |
| control field | ##L134262 |
| 008 - FIXED-LENGTH DATA ELEMENTS--GENERAL INFORMATION | |
| fixed length control field | 060720n2006 000 0 eng u |
| 035 ## - SYSTEM CONTROL NUMBER | |
| System control number | (Sirsi) u134262 |
| 041 0# - LANGUAGE CODE | |
| Language code of text/sound track or separate title | eng |
| 050 04 - LIBRARY OF CONGRESS CALL NUMBER | |
| Classification number | 332.6324 $2 18 |
| 110 2# - MAIN ENTRY--CORPORATE NAME | |
| Corporate name or jurisdiction name as entry element | GVA Grimley |
| 9 (RLIN) | 3646 |
| 245 00 - TITLE STATEMENT | |
| Title | Survey of property trends |
| Remainder of title | green issues |
| 260 ## - PUBLICATION, DISTRIBUTION, ETC. | |
| Place of publication, distribution, etc. | London |
| Name of publisher, distributor, etc. | GVA Grimley |
| Date of publication, distribution, etc. | 2006 |
| 490 #0 - SERIES STATEMENT | |
| Series statement | CBI/GVA Grimley Survey of Property Trends |
| Volume/sequential designation | summer 2006 |
| 520 ## - SUMMARY, ETC. | |
| Summary, etc. | Supplements CBI/GVA Grimley "Survey of property trends summer 2006" (L134032). Surveys the attitudes of occupiers regarding the environmental efficiency of the occupied property. Finds that respondents are attaching great significance to the energy and environmental efficiency of their property, and are recognising other benefits besides reduced running costs, such as raised staff satisfaction. Energy efficiency of buildings was rated most important in occupiers' accommodation strategy, and the key driver for greener property strategies will be the increasing costs of energy. Most respondents would be prepared to pay more to occupy an environmentally efficient building. Graphs. |
| 590 ## - LOCAL NOTE (RLIN) | |
| Local note | KA |
| 590 ## - LOCAL NOTE (RLIN) | |
| Local note | IKA010806 |
| 650 24 - SUBJECT ADDED ENTRY--TOPICAL TERM | |
| Topical term or geographic name entry element | CBI/GVA GRIMLEY SURVEY OF PROPERTY TRENDS |
| 650 24 - SUBJECT ADDED ENTRY--TOPICAL TERM | |
| Topical term or geographic name entry element | OCCUPIE$ SATISFACTION |
| 651 #4 - SUBJECT ADDED ENTRY--GEOGRAPHIC NAME | |
| Geographic name | United Kingdom |
| Chronological subdivision | |
| 690 ## - LOCAL SUBJECT ADDED ENTRY--TOPICAL TERM (OCLC, RLIN) | |
| Topical term or geographic name as entry element | PROPERTY-COMMERCIAL PROPERTY-COMMERCIAL PROPERTY MARKET |
| 856 40 - ELECTRONIC LOCATION AND ACCESS | |
| Uniform Resource Identifier | <a href="https://www.gvagrimley.co.uk/">https://www.gvagrimley.co.uk/</a> |
| Public note | View the item free of charge at www.gvagrimley.co.uk... |
| 942 ## - ADDED ENTRY ELEMENTS (KOHA) | |
| Suppress in OPAC | 0 |
| Withdrawn status | Lost status | Source of classification or shelving scheme | Damaged status | Not for loan | Home library | Current library | Shelving location | Date acquired | Total Checkouts | Full call number | Barcode | Date last seen | Copy number | Price effective from | Koha item type |
|---|---|---|---|---|---|---|---|---|---|---|---|---|---|---|---|
| Dewey Decimal Classification | Virtual | Virtual | Online | 20/07/2006 | ONLINE PUBLICATION | 134262-2001 | 06/08/2019 | 1 | 06/08/2019 | Book |